000 00810nam a2200121Ia 4500
008 220620s9999||||xx |||||||||||||| ||und||
245 0 _aMethodological Approaches to Societies in Transformation
_bHow to Make Sense of Change
546 _aEnglish[eng]
650 _aDevelopment Theory||Development and Social Change||Regional Development||Social Anthropology||Development Studies||Sociocultural Anthropology||Qualitative research||Global South||Transformation||Methodology||Social Change||Development||Open Access||Social & cultural anthropology
700 _aBerriane, Yasmine||Derks, Annuska||Kreil, Aymon||Lüddeckens, Dorothea
856 _uhttps://library.oapen.org/bitstream/20.500.12657/48712/1/9783030650674.pdf||https://library.oapen.org/bitstream/20.500.12657/48712/1/9783030650674.pdf
942 _cEB
999 _c34958
_d34958